LA COMUNION DE LOS SANTOS: UNIDAD DE CRISTOLOGIA Y ECLESIOLOGIA/

TRADUCCION DE: LA COMUNIONE DEI SANTI.UNITA DI...

Guardat en:
Dades bibliogràfiques
Autor principal: Colzani, Gianni (autor)
Format: Llibre
Col·lecció:(Alcance ; 39)
Matèries:
Etiquetes: Afegir etiqueta
Sense etiquetes, Sigues el primer a etiquetar aquest registre!

MARC

LEADER 00000nam^a2200000^a^4500
001 000215061
005 20250521000000.0
009 20260310103615.911
020 |a 84-293-0757-5 
035 |a 038263 
037 |a Acervo Xavier Clavigero 
082 |a 232. 1  |b COL 
100 |a Colzani, Gianni  |e (autor) 
245 1 3 |a LA COMUNION DE LOS SANTOS:  |b UNIDAD DE CRISTOLOGIA Y ECLESIOLOGIA/  |c GIANNI COLZANI; TR.J.J.GARCIA VALENCEJA 
264 |a ESPAÑA :  |b SAL TERRAE,  |c 1986 
300 |a 111p. 
336 |a texto  |b txt  |2 rdacontenido 
337 |a sin mediación  |b n  |2 rdamedio 
338 |a volumen  |b nc  |2 rdasoporte 
440 |a (Alcance ;  |v 39) 
520 |a TRADUCCION DE: LA COMUNIONE DEI SANTI.UNITA DI... 
649 |a XX 
650 |a Eclesiología 
910 |a Fondo General 
920 |a Impresos - Libros 
930 |a Colección General 
905 |a 101 
901 |a 038263  |b IT1  |c ACC  |i 038263  |u 20250521 
902 |a https://opac.biblio.iteso.mx/vufind/Record/000215061